00490nam a2200193 a 4500001001300000003000900013005001700022008004100039020001000080082001300090100001600103245005100119260003500170300000900205500003500214505001800249650001300267700001600280nice12345678IN_TiNIC20260116011357.0050524s1911 lona grp 000 0 eng  ac10000a266bZWE aZwemer, S M aUnaccupied Mission Flields of Africa and Asia. aLondonbMarshal Brothersc1911 a259p aincludes index and biblioraphy2 aIndex, Illus. aMissions1 aZwemer, S M